000
00254nam a22001217a 4500
008
181101b xxu||||| |||| 00| 0 eng d
041
_a
eng
080
_a
621
100
_a
27
101
_a
ENG
245
_a
Bioenergetics
_c
Albert.l.l
942
_2
udc
_c
BK
999
_c
51441
_d
51441